| 000 | 00390nam a2200145Ia 4500 | ||
|---|---|---|---|
| 008 | 230917s9999||||xx |||||||||||||| ||und|| | ||
| 040 |
_e112433 _aMAIN |
||
| 041 | _aEnglish | ||
| 082 | _a616.8914 I574 S | ||
| 100 | _aTolan, Janet | ||
| 245 | 0 | _aSkills in person- centred counselling &psychotheraphy. | |
| 260 |
_aLondon _bSage Publications _c2005 |
||
| 300 | _aix,173p. p. | ||
| 942 | _cBK | ||
| 999 |
_c136410 _d136410 |
||